000 00566nam a2200181Ia 4500
008 140527s9999 xx 000 0 und d
020 _a9780071314671
050 _aPN 4129.15
_b.L962 2012
100 _aLucas, Stephen
245 _aThe art of public speaking /
_ba practical approach /
_cStephen E. Lucas.
250 _a11th ed.
260 _aBoston :
_bMcGraw-Hill,
_cc2012.
300 _a1 v. (various pagings) :
_bcol. ill. ;
_c26 cm.
500 _aIncludes bibliographical references and index.
521 _aGE
942 _kFOR
_cBK
999 _c117387
_d117387